<?xml version="1.0" encoding="UTF-8"?>
<record
    xmlns:xsi="http://www.w3.org/2001/XMLSchema-instance"
    xsi:schemaLocation="http://www.loc.gov/MARC21/slim http://www.loc.gov/standards/marcxml/schema/MARC21slim.xsd"
    xmlns="http://www.loc.gov/MARC21/slim">

  <leader>00831nam a22002177a 4500</leader>
  <controlfield tag="003">OSt</controlfield>
  <controlfield tag="005">20171122184357.0</controlfield>
  <controlfield tag="008">171122e2017    spcad|||r|||| 0|| 0 spa|d</controlfield>
  <datafield tag="017" ind1=" " ind2=" ">
    <subfield code="a">DL B 4855-2017</subfield>
    <subfield code="b">Biblioteca de Catalunya</subfield>
  </datafield>
  <datafield tag="020" ind1=" " ind2=" ">
    <subfield code="a">9788491166955</subfield>
  </datafield>
  <datafield tag="040" ind1=" " ind2=" ">
    <subfield code="a">ES-ViU</subfield>
    <subfield code="b">cat</subfield>
    <subfield code="c">CDMR</subfield>
  </datafield>
  <datafield tag="100" ind1="1" ind2=" ">
    <subfield code="a">Jim&#xE9;nez Morales, M&#xF2;nika,</subfield>
    <subfield code="e">autor</subfield>
  </datafield>
  <datafield tag="245" ind1="1" ind2="0">
    <subfield code="a">Eventos y protocolo </subfield>
    <subfield code="b">: la gesti&#xF3;n estrat&#xE9;gica de actos corporativos e institucionales /</subfield>
    <subfield code="c">M&#xF2;nika Jimen&#xE9;z-Morales, Julio M. Panizo Alonso</subfield>
  </datafield>
  <datafield tag="260" ind1=" " ind2=" ">
    <subfield code="a">Barcelona :</subfield>
    <subfield code="b">Editorial UOC,</subfield>
    <subfield code="c">febrero 2017</subfield>
  </datafield>
  <datafield tag="300" ind1=" " ind2=" ">
    <subfield code="a">245 p&#xE0;gines :</subfield>
    <subfield code="b">il&#xB7;lustracions, taules i gr&#xE0;fics ;</subfield>
    <subfield code="c">24 cm</subfield>
  </datafield>
  <datafield tag="504" ind1=" " ind2=" ">
    <subfield code="a">Bibliograf&#xEC;a</subfield>
  </datafield>
  <datafield tag="650" ind1="0" ind2="7">
    <subfield code="a">Comunicaci&#xF3; en l'empresa</subfield>
    <subfield code="2">lemac</subfield>
    <subfield code="9">2798</subfield>
  </datafield>
  <datafield tag="650" ind1=" " ind2="7">
    <subfield code="a">Esdeveniments especials</subfield>
    <subfield code="x">Planificaci&#xF3;</subfield>
    <subfield code="2">lemac</subfield>
  </datafield>
  <datafield tag="700" ind1="1" ind2=" ">
    <subfield code="a">Panizo Alonso, Julio Manuel,</subfield>
    <subfield code="e">autor</subfield>
  </datafield>
  <datafield tag="942" ind1=" " ind2=" ">
    <subfield code="c">MON</subfield>
  </datafield>
  <datafield tag="999" ind1=" " ind2=" ">
    <subfield code="c">7087</subfield>
    <subfield code="d">7087</subfield>
  </datafield>
  <datafield tag="952" ind1=" " ind2=" ">
    <subfield code="0">0</subfield>
    <subfield code="1">0</subfield>
    <subfield code="4">0</subfield>
    <subfield code="7">0</subfield>
    <subfield code="a">CDMR</subfield>
    <subfield code="b">CDMR</subfield>
    <subfield code="d">2017-11-22</subfield>
    <subfield code="e">Intercanvi</subfield>
    <subfield code="g">23.75</subfield>
    <subfield code="l">8</subfield>
    <subfield code="m">6</subfield>
    <subfield code="p">CDMR17111268</subfield>
    <subfield code="r">2019-11-12</subfield>
    <subfield code="s">2019-07-17</subfield>
    <subfield code="v">23.75</subfield>
    <subfield code="w">2017-11-22</subfield>
    <subfield code="y">MON</subfield>
  </datafield>
</record>
